Giáo trình tiếng Hoa sơ cấp 1 : 初级中文课程 /

Saved in:
Bibliographic Details
Format: Book
Published: H. : Sư phạm. 2004
Subjects:
Tags: Add Tag
No Tags, Be the first to tag this record!
Institutions: Mạng thư viện Đại học Đà Nẵng
LEADER 00894nam a22002531a 4500
001 000036755
003 13050
005 20211220145512.0
008 160412s2004 000
020 |c 22000 
082 0 0 |a 495.1  |b GI-T 
245 0 |a Giáo trình tiếng Hoa sơ cấp 1 :  |b 初级中文课程 /  |c Trường ĐHNN Bắc Kinh. 
260 |c 2004  |a H. :  |b Sư phạm. 
300 0 |a 494tr. : ;  |c 20cm. 
653 |a 初级中文课程  |a Giáo trình tiếng Hoa 
OWN |a LNN 
AVA |a UDN50  |b LNN  |c Chinese  |d 495.1 GI-T  |e available  |t Error 5001 Not defined in file expand_doc_bib_avail.  |f 1  |g 0  |h N  |i 1  |j TN 
999 |a From the UDN01 
AVA |a UDN50  |b LNN  |c Chinese  |d 495.1 GI-T  |e available  |t Error 5001 Not defined in file expand_doc_bib_avail.  |f 1  |g 0  |h N  |i 1  |j TN 
TYP |a Monograph 
980 |a Mạng thư viện Đại học Đà Nẵng